| 000 | 00411nam a22001697a 4500 | ||
|---|---|---|---|
| 005 | 20180203144854.0 | ||
| 008 | 160429b xxu||||| |||| 00| 0 eng d | ||
| 020 | _a0-07-040234-5 | ||
| 041 | _aeng | ||
| 082 |
_b00753 _a004.6 |
||
| 100 |
_aTaylor, ED _9211 |
||
| 245 | _aNetwork Handbook | ||
| 260 |
_aNew Delhi _bTMH Publ.co.Ltd. _c2004 |
||
| 300 | _a879 | ||
| 650 |
_aInformation Technology _9137 |
||
| 942 | _cBK | ||
| 999 |
_c233 _d233 |
||